[Event "World Blitz 2015"]
[Site "Berlin GER"]
[Date "2015.10.13"]
[Round "11.79"]
[White "Maze, Sebastien"]
[Black "Tari, Aryan"]
[Result "0-1"]
[WhiteTitle "GM"]
[BlackTitle "IM"]
[WhiteElo "2582"]
[BlackElo "2521"]
[WhiteFideId "613762"]
[BlackFideId "1510045"]
[EventDate "2015.10.13"]

1. e4 c6 2. Nc3 d5 3. Nf3 Bg4 4. h3 Bxf3 5. Qxf3 e6 6. d4 Nf6 7. Bd3 dxe4 8.
Nxe4 Nxe4 9. Qxe4 Nd7 10. c3 Nf6 11. Qe2 Be7 12. O-O O-O 13. g3 a5 14. a4 Nd5
15. Bc2 Bf6 16. Bd2 g6 17. Rad1 Qb6 18. Bc1 Rfe8 19. Qf3 Bg7 20. h4 e5 21. dxe5
Rxe5 22. Rfe1 Rae8 23. Rxe5 Rxe5 24. Kg2 h5 25. Kf1 Qc5 26. Re1 Qc4+ 27. Qd3
Rxe1+ 28. Kxe1 Qxd3 29. Bxd3 Kf8 30. Bd2 Ke7 31. Kd1 Be5 32. Kc2 Bd6 33. Be2 Bc5
34. Be1 Nf6 35. b4 Bb6 36. f3 Nd5 37. Kd3 Kd6 38. Bd1 Bd8 39. Bb3 b5 40. bxa5
Bxa5 41. axb5 cxb5 42. Bd2 Bb6 43. Ke4 f5+ 44. Kd3 Bf2 45. Bxd5 Kxd5 46. Bf4 Bc5
47. Bc1 Bd6 48. f4 Bc5 0-1

[Event "World Blitz 2015"]
[Site "Berlin GER"]
[Date "2015.10.13"]
[Round "11.80"]
[White "Berend, Elvira"]
[Black "Heimann, Andreas"]
[Result "0-1"]
[WhiteTitle "WGM"]
[BlackTitle "IM"]
[WhiteElo "2370"]
[BlackElo "2546"]
[WhiteFideId "4000510"]
[BlackFideId "24624632"]
[EventDate "2015.10.13"]

1. d4 Nf6 2. c4 e6 3. Nf3 b6 4. e3 Bb7 5. Bd3 d5 6. O-O Bd6 7. Nc3 O-O 8. Qe2 c5
9. b3 Nc6 10. Bb2 Rc8 11. Rfd1 cxd4 12. exd4 Bb8 13. Rac1 Re8 14. Bb1 g6 15. Ne5
Bd6 16. Nb5 Bb8 17. Qe3 a6 18. Nc3 Bd6 19. Ne2 Bf8 20. Ng3 Bg7 21. h4 Nxe5 22.
dxe5 Ng4 23. Qf4 Qxh4 24. Nf1 Bh6 25. Qf3 Bxc1 26. Rxc1 Rc7 27. Qf4 Qh5 28. Bd3
dxc4 29. bxc4 Rd8 30. Be2 Rcd7 31. Bxg4 Qh4 32. Qg3 Qg5 33. Bf3 Qxg3 34. fxg3
Bxf3 35. gxf3 Rd3 36. Kf2 Rd2+ 37. Nxd2 Rxd2+ 38. Ke3 Rxb2 39. a4 Rb3+ 40. Kf2
Rb4 41. a5 bxa5 42. Ra1 Rxc4 43. Rxa5 Rc6 44. Ke3 g5 45. f4 gxf4+ 46. gxf4 Kg7
47. Kf3 Kg6 48. Kg4 h5+ 49. Kg3 Rc3+ 50. Kh4 Rf3 51. Ra4 Kf5 52. Rxa6 Rxf4+ 53.
Kxh5 Kxe5 54. Kg5 Rf5+ 55. Kg4 Kf6 56. Ra7 Kg6 57. Rb7 e5 58. Rb6+ Rf6 59. Rb8
Rf4+ 60. Kg3 f6 61. Rf8 Kf5 62. Ra8 Rb4 63. Kf3 Rb3+ 64. Ke2 Kf4 65. Ra6 f5 0-1

[Event "World Blitz 2015"]
[Site "Berlin GER"]
[Date "2015.10.13"]
[Round "11.81"]
[White "Ernst, Sipke"]
[Black "Ben Artzi, Ido"]
[Result "1/2-1/2"]
[WhiteTitle "GM"]
[BlackTitle "IM"]
[WhiteElo "2527"]
[BlackElo "2419"]
[WhiteFideId "1004689"]
[BlackFideId "2810913"]
[EventDate "2015.10.13"]

1. d4 Nf6 2. Nf3 d5 3. c4 e6 4. e3 Be7 5. Nc3 O-O 6. Bd3 b6 7. O-O dxc4 8. Bxc4
Bb7 9. Qe2 c5 10. Rd1 Nbd7 11. a3 Rc8 12. Bb3 Qc7 13. h3 Rfd8 14. Bd2 Ne4 15.
Be1 Ndf6 16. Rac1 Qb8 17. a4 Qa8 18. Nb5 h6 19. Ba2 Bc6 20. Ne5 Bb7 21. f3 Nd6
22. Nxd6 Bxd6 23. Bh4 Be7 24. Kh1 cxd4 25. Rxc8 Qxc8 26. exd4 Bd5 27. Bb1 Bb3
28. Re1 Rxd4 29. Bf2 Rxa4 30. Qe3 Bd5 31. Rc1 Qd8 32. Bc2 Ra2 33. Bd3 Rxb2 34.
Ba6 Bc5 35. Rxc5 bxc5 36. Qxc5 Rb1+ 37. Kh2 Qb8 38. Bg3 Qf8 39. Qxa7 Ra1 40. Qb6
h5 41. h4 Ra3 42. Bb5 Rb3 43. Qa6 Ra3 44. Qb6 Rb3 45. Qa5 Ra3 46. Qb6 Rb3 1/2-1/2

[Event "World Blitz 2015"]
[Site "Berlin GER"]
[Date "2015.10.13"]
[Round "11.82"]
[White "Kulon, Klaudia"]
[Black "Polzin, Rainer"]
[Result "1-0"]
[WhiteTitle "WGM"]
[BlackTitle "GM"]
[WhiteElo "2324"]
[BlackElo "2416"]
[WhiteFideId "1131044"]
[BlackFideId "4610741"]
[EventDate "2015.10.13"]

1. e4 g6 2. d4 Bg7 3. Nf3 d6 4. h3 Nf6 5. Nc3 a6 6. a4 O-O 7. Bd3 Nc6 8. O-O Nd7
9. Be3 e5 10. d5 Nb4 11. Bc4 a5 12. Qd2 Nc5 13. Nh2 f5 14. exf5 gxf5 15. Bg5 Qe8
16. Nb5 Nba6 17. Qxa5 Qg6 18. Be3 f4 19. Rfe1 Bxh3 20. Bf1 b6 21. Qc3 fxe3 22.
Rxe3 Bf5 23. Rg3 Qf7 24. Qc4 Kh8 25. Re3 Bg6 26. b4 Qxf2+ 27. Kh1 Qxe3 28. bxc5
bxc5 29. Nc3 Rf4 30. Qb3 Rh4 31. Ne2 Qxb3 32. cxb3 e4 33. Re1 Be5 34. g3 Rh6 35.
Kg2 Nb4 36. Ng4 Rh5 37. Nf4 Bxf4 38. gxf4 Bf5 39. Nf6 Rh6 40. Nxe4 Re8 41. Kf3
Bxe4+ 42. Rxe4 Rxe4 43. Kxe4 Rh1 44. Bc4 Ra1 45. Kf5 Kg7 46. Ke6 Kf8 47. Kd7 h5
48. Kxc7 h4 49. Kxd6 h3 50. Be2 h2 51. Bf3 Rf1 52. Bg2 Rxf4 53. Kxc5 Nd3+ 54.
Kc6 Ne1 55. Bh1 Rf1 56. Be4 Nf3 57. d6 h1=Q 58. d7 Ke7 59. Kc7 Rc1+ 60. Bc6
Rxc6+ 61. Kxc6 Ne5+ 62. Kc7 Nxd7 1-0

[Event "World Blitz 2015"]
[Site "Berlin GER"]
[Date "2015.10.13"]
[Round "11.83"]
[White "Olafsson, Helgi"]
[Black "Choukri, Adel"]
[Result "0-1"]
[WhiteTitle "GM"]
[BlackTitle "CM"]
[WhiteElo "2549"]
[BlackElo "2199"]
[WhiteFideId "2300010"]
[BlackFideId "9000399"]
[EventDate "2015.10.13"]

1. d4 Nf6 2. c4 g6 3. Nc3 Bg7 4. e4 d6 5. Be2 O-O 6. Nf3 e5 7. dxe5 dxe5 8. Qxd8
Rxd8 9. Bg5 Re8 10. Nd5 Nxd5 11. cxd5 c6 12. Bc4 cxd5 13. Bxd5 Nd7 14. Nd2 Nf6
15. Bb3 Be6 16. Ke2 Rac8 17. Rhc1 Bxb3 18. axb3 a6 19. f3 Nd7 20. Nc4 Bf8 21.
Be3 Rc7 22. Nb6 Rxc1 23. Rxc1 Nxb6 24. Bxb6 Bd6 25. Kd3 Kf8 26. Bc7 Ke7 27. Rc4
Kd7 28. Bb6 Ke6 29. g4 h5 30. gxh5 gxh5 31. Rc2 Rg8 32. Be3 h4 33. Bf2 h3 34.
Bg3 Rd8 35. Ke2 f5 36. exf5+ Kxf5 37. Rc4 Ke6 38. Rh4 Rc8 39. Kd2 Bb4+ 40. Rxb4
b5 41. Rh4 0-1

[Event "World Blitz 2015"]
[Site "Berlin GER"]
[Date "2015.10.13"]
[Round "11.84"]
[White "Vogel, Roven"]
[Black "Fedorchuk, Sergey A."]
[Result "0-1"]
[BlackTitle "GM"]
[WhiteElo "2417"]
[BlackElo "2635"]
[WhiteFideId "12908088"]
[BlackFideId "14102536"]
[EventDate "2015.10.13"]

1. Nf3 Nf6 2. c4 b6 3. g3 c5 4. Bg2 Bb7 5. O-O g6 6. Nc3 Bg7 7. Re1 Ne4 8. Nxe4
Bxe4 9. d3 Bb7 10. d4 cxd4 11. Nxd4 Bxg2 12. Kxg2 Qc8 13. b3 O-O 14. Bb2 a6 15.
Rc1 Qb7+ 16. e4 b5 17. Kg1 d6 18. Qd3 Nd7 19. Qe2 Rfc8 20. h4 h5 21. Red1 bxc4
22. Rxc4 Rxc4 23. bxc4 Rc8 24. Ba1 Qb4 25. Rc1 Ne5 26. Bc3 Qa3 27. Nb3 Rxc4 28.
Bb2 Qxa2 29. Rxc4 Nxc4 30. Qxc4 Qxb2 31. Kg2 Bf6 32. Nc1 Qc3 0-1

[Event "World Blitz 2015"]
[Site "Berlin GER"]
[Date "2015.10.13"]
[Round "11.85"]
[White "Carstensen, Jacob"]
[Black "Rasmussen, Allan Stig"]
[Result "0-1"]
[WhiteTitle "IM"]
[BlackTitle "GM"]
[WhiteElo "2352"]
[BlackElo "2498"]
[WhiteFideId "1404180"]
[BlackFideId "1406000"]
[EventDate "2015.10.13"]

1. Nf3 f5 2. d3 Nc6 3. e4 e5 4. Nc3 Nf6 5. Be2 Bc5 6. O-O d6 7. exf5 Bxf5 8. Be3
Bb6 9. d4 Ng4 10. Nd5 e4 11. Nd2 Nxe3 12. fxe3 Qg5 13. h4 Qxh4 14. Nxb6 Qg5 15.
Rxf5 Qxf5 16. Nxa8 O-O 17. Qe1 Qg5 18. Nf1 Rxa8 19. Qg3 Qh6 20. c3 Ne7 21. Bg4
Rf8 22. Nd2 Nd5 23. Rf1 Re8 24. Qf2 Nf6 25. Bf5 d5 26. c4 c6 27. cxd5 cxd5 28.
Qf4 Qh5 29. Qd6 Qe2 30. Rf2 Qxe3 31. Be6+ Kh8 32. Bd7 Rg8 33. Nb3 Rd8 34. Qe7
Rg8 35. Be6 Re8 36. Qxe8+ Nxe8 0-1

[Event "World Blitz 2015"]
[Site "Berlin GER"]
[Date "2015.10.13"]
[Round "11.86"]
[White "Handke, Florian"]
[Black "Seel, Christian"]
[Result "1/2-1/2"]
[WhiteTitle "GM"]
[BlackTitle "IM"]
[WhiteElo "2531"]
[BlackElo "2474"]
[WhiteFideId "4634527"]
[BlackFideId "4663098"]
[EventDate "2015.10.13"]

1. d4 d5 2. Nf3 Nf6 3. c4 c6 4. Qc2 g6 5. Bf4 Bg7 6. e3 O-O 7. Nc3 Bf5 8. Qb3
Qb6 9. cxd5 Qxb3 10. axb3 Nxd5 11. Nxd5 cxd5 12. Kd2 Rc8 13. Bd3 Bxd3 1/2-1/2

[Event "World Blitz 2015"]
[Site "Berlin GER"]
[Date "2015.10.13"]
[Round "11.87"]
[White "Camacho Collados, Jose"]
[Black "Petursson, Margeir"]
[Result "0-1"]
[WhiteTitle "IM"]
[BlackTitle "GM"]
[WhiteElo "2383"]
[BlackElo "2520"]
[WhiteFideId "2265427"]
[BlackFideId "2300028"]
[EventDate "2015.10.13"]

1. e4 c5 2. Nf3 d6 3. Bb5+ Bd7 4. Bxd7+ Nxd7 5. d4 cxd4 6. Nxd4 g6 7. O-O Bg7 8.
c4 Ngf6 9. Nc3 O-O 10. Be3 Qa5 11. f3 Rfc8 12. Qb3 Ne5 13. Qxb7 Nxc4 14. Bf2
Rab8 15. Qxe7 Re8 16. b4 Qxb4 17. Qc7 Rbc8 18. Qxa7 Qxc3 19. a4 Nd2 20. Nb5 Qc6
21. Rfd1 Nfxe4 22. fxe4 Bxa1 23. Rxa1 Nxe4 24. Bd4 Qc1+ 0-1

[Event "World Blitz 2015"]
[Site "Berlin GER"]
[Date "2015.10.13"]
[Round "11.88"]
[White "Richter, Michael"]
[Black "Hovhannisyan, Mher"]
[Result "1-0"]
[WhiteTitle "GM"]
[BlackTitle "IM"]
[WhiteElo "2517"]
[BlackElo "2499"]
[WhiteFideId "4618920"]
[BlackFideId "13300865"]
[EventDate "2015.10.13"]

1. d4 d5 2. c4 c6 3. cxd5 cxd5 4. Nf3 Nc6 5. Nc3 Nf6 6. Bf4 a6 7. Rc1 e6 8. e3
Bd6 9. Bg3 O-O 10. Bd3 Qe7 11. Ne5 Bd7 12. O-O b5 13. f4 Rac8 14. Bh4 Be8 15.
Ng4 b4 16. Nxf6+ gxf6 17. Qh5 1-0

[Event "World Blitz 2015"]
[Site "Berlin GER"]
[Date "2015.10.13"]
[Round "11.89"]
[White "Hasangatin, Ramil"]
[Black "Pavlovic, Milos"]
[Result "1-0"]
[WhiteTitle "GM"]
[BlackTitle "GM"]
[WhiteElo "2509"]
[BlackElo "2481"]
[WhiteFideId "4122160"]
[BlackFideId "900389"]
[EventDate "2015.10.13"]

1. e4 e5 2. Nf3 Nc6 3. Bb5 Nf6 4. d3 d6 5. Nbd2 Be7 6. Nf1 O-O 7. Ng3 a6 8. Bxc6
bxc6 9. d4 exd4 10. Nxd4 Bd7 11. O-O Re8 12. Re1 Bf8 13. f3 g6 14. Bg5 h6 15.
Be3 c5 16. Nb3 Bg7 17. Qd2 Kh7 18. Rad1 Qb8 19. c3 a5 20. Bf4 a4 21. Nc1 Be6 22.
Kh1 Nd7 23. Nf1 Qb7 24. Ne3 Rab8 25. Re2 Nb6 26. Rde1 Qa6 27. h3 Rb7 28. Ng4 Nc4
29. Qd3 Ra8 30. b3 axb3 31. axb3 Na5 32. c4 Nc6 33. e5 Nd4 34. Re3 Bf5 35. Qd2
h5 36. Nf6+ Kh8 37. Nd5 Ne6 38. exd6 cxd6 39. R3e2 h4 40. Bg5 Qa5 41. Qe3 Bd4
42. Bf6+ Bxf6 43. Qh6+ 1-0

[Event "World Blitz 2015"]
[Site "Berlin GER"]
[Date "2015.10.13"]
[Round "11.90"]
[White "Przybylski, Wojciech"]
[Black "Thornton, Giovanni Antonio"]
[Result "1-0"]
[WhiteTitle "FM"]
[WhiteElo "2354"]
[BlackElo "2207"]
[WhiteFideId "1117599"]
[BlackFideId "4300963"]
[EventDate "2015.10.13"]

1. e4 e6 2. d4 d5 3. Nc3 Nf6 4. Bg5 Be7 5. e5 Nfd7 6. Bxe7 Qxe7 7. f4 a6 8. Nf3
c5 9. Qd2 Nc6 10. a3 b5 11. Be2 O-O 12. O-O Rb8 13. Kh1 b4 14. axb4 cxb4 15. Nd1
a5 16. f5 exf5 17. Ne3 Nb6 18. Bb5 Qc7 19. Ng5 h6 20. Nh3 Ra8 21. Nf4 Be6 22.
Nh5 Ne7 23. Qf2 Kh8 24. Bd3 Nc4 25. Nxf5 Nxf5 26. Bxf5 Bxf5 27. Qxf5 Ne3 28. Qf4
Nxf1 29. Rxf1 Qc6 30. Qf3 Rad8 31. Nf4 Qxc2 32. Qg3 Rg8 33. e6 fxe6 34. Nxe6
Rdf8 35. Nxf8 Qxb2 36. Qf4 Qe2 37. Qf5 Rxf8 38. Qxf8+ Kh7 39. Qf5+ Kh8 40. h3 b3
41. Qf8+ Kh7 42. Qf3 Qe7 43. Qxb3 Qe2 44. Qb1+ Kg8 45. Re1 Qd3 46. Qxd3 1-0

[Event "World Blitz 2015"]
[Site "Berlin GER"]
[Date "2015.10.13"]
[Round "11.91"]
[White "Lagunow, Raphael"]
[Black "Hilverda, Alexander"]
[Result "1-0"]
[WhiteElo "2164"]
[BlackElo "2384"]
[WhiteFideId "24652644"]
[BlackFideId "4695437"]
[EventDate "2015.10.13"]

1. Nf3 d5 2. g3 Nf6 3. Bg2 c6 4. O-O Bg4 5. c4 e6 6. Qb3 Qb6 7. Nc3 Nbd7 8. d4
Be7 9. Bf4 dxc4 10. Qxc4 O-O 11. b3 Rac8 12. e4 Qa5 13. h3 Bxf3 14. Bxf3 e5 15.
dxe5 Nxe5 16. Bxe5 Qxe5 17. Rad1 Bc5 18. Kg2 b5 19. Qd3 Bb6 20. Qc2 h5 21. h4
Ng4 22. Ne2 g6 23. Qc3 Qe7 24. Nf4 Bc7 25. Nd3 Bb6 26. e5 Rfe8 27. Rfe1 Qe6 28.
Nf4 Qe7 29. Bxg4 hxg4 30. Rd6 c5 31. Qd3 Kh7 32. Qxb5 Kg7 33. Qe2 Qxd6 34. exd6
Rxe2 1-0

[Event "World Blitz 2015"]
[Site "Berlin GER"]
[Date "2015.10.13"]
[Round "11.92"]
[White "Thiede, Lars"]
[Black "Sawlin, Leonid"]
[Result "1-0"]
[WhiteTitle "IM"]
[WhiteElo "2437"]
[BlackElo "2258"]
[WhiteFideId "4607759"]
[BlackFideId "4689542"]
[EventDate "2015.10.13"]

1. Nf3 d5 2. g3 Nf6 3. Bg2 g6 4. b3 Bg7 5. Bb2 O-O 6. O-O Re8 7. c4 c6 8. d3
Nbd7 9. Qc2 e5 10. e3 h6 11. Nc3 Nf8 12. Rfd1 Bg4 13. h3 Bxf3 14. Bxf3 Qd7 15.
Bg2 Ne6 16. cxd5 cxd5 17. Ne2 Rac8 18. Qd2 Nh7 19. Rac1 Nef8 20. Rxc8 Rxc8 21.
Rc1 Rxc1+ 22. Qxc1 Ng5 23. h4 Nge6 24. Qc2 Qc6 25. Qxc6 bxc6 26. b4 e4 27. Bxg7
exd3 28. Bc3 dxe2 29. Bf3 Nd7 30. Bxe2 Kf8 31. Kf1 Ke7 32. Ke1 Kd6 33. Kd2 h5
34. Bd3 Nc7 35. Kc2 Nb5 36. Bb2 Nb6 37. Kb3 Ke6 38. a4 Nd6 39. Bd4 Nbc8 40. f3
Nb7 41. e4 Kd6 42. exd5 cxd5 43. a5 Kc7 44. g4 Nbd6 45. Be5 Kc6 46. Kc3 Nb5+ 47.
Kd2 Ncd6 48. Ke3 Nc4+ 49. Kf4 Nbd6 50. Bd4 a6 51. gxh5 gxh5 52. Kg5 Kb5 53. Bc5
Nb7 54. Be7 Kc6 55. Kxh5 Kd7 56. Bf6 Ke6 57. Bd4 Nbd6 58. Kg5 Nb5 59. Bc5 f6+
60. Kf4 Nc7 61. h5 Ne5 62. Bf5+ Kf7 63. Bd6 Ne6+ 64. Bxe6+ Kxe6 65. Bxe5 fxe5+
66. Ke3 Kf6 67. h6 Kg6 68. b5 1-0

[Event "World Blitz 2015"]
[Site "Berlin GER"]
[Date "2015.10.13"]
[Round "11.93"]
[White "Wendt, Jan-Dietrich"]
[Black "Koehler, Gerhard2"]
[Result "1-0"]
[WhiteTitle "FM"]
[WhiteElo "2332"]
[BlackElo "2173"]
[WhiteFideId "4623797"]
[BlackFideId "12909700"]
[EventDate "2015.10.13"]

1. Nf3 Nf6 2. c4 g6 3. Nc3 Bg7 4. e4 d6 5. d4 O-O 6. Be2 e5 7. O-O Nc6 8. Be3
Ng4 9. Bg5 f6 10. Bc1 Nh6 11. d5 Ne7 12. b4 Nf7 13. a4 Bh6 14. Ba3 f5 15. Qc2
fxe4 16. Nxe4 Bf5 17. Bd3 Bxe4 18. Bxe4 Qd7 19. Rad1 Nf5 20. c5 Qc8 21. Rfe1 Ng5
22. Nxg5 Bxg5 23. Bb2 Be7 24. c6 b6 25. Rd3 a6 26. Red1 Qe8 27. g3 Bf6 28. Re1
Qf7 29. Rf3 Ne7 30. Qd3 Qg7 31. h4 a5 32. b5 Rae8 33. Kf1 Qh6 34. Ke2 Bg7 35.
Kd1 Qh5 36. Kc2 Nf5 37. Re2 Nd4+ 38. Bxd4 exd4 39. Rxf8+ Rxf8 40. f3 Qh6 41. Rh2
Qh5 42. g4 Qh6 43. h5 g5 44. Re2 Qf6 45. Bf5 Kh8 46. Re6 Qf7 47. Qe4 Be5 48. Kd3
Rg8 49. Kc4 Rf8 50. Qd3 Rg8 51. Qe4 Rf8 52. Rxe5 dxe5 53. Qxe5+ Qg7 54. Kxd4
Qxe5+ 55. Kxe5 Rd8 56. Bd7 Kg7 57. d6 cxd6+ 58. Kxd6 Kf6 59. c7 Rf8 60. c8=Q 1-0

[Event "World Blitz 2015"]
[Site "Berlin GER"]
[Date "2015.10.13"]
[Round "11.94"]
[White "Cordeiro, Marco Aurelio Zaror"]
[Black "Zepeda, Lorena"]
[Result "0-1"]
[BlackTitle "WIM"]
[WhiteElo "2228"]
[BlackElo "2106"]
[WhiteFideId "2117991"]
[BlackFideId "6700233"]
[EventDate "2015.10.13"]

1. e4 c5 2. Nc3 d6 3. f4 g6 4. Nf3 Bg7 5. Bc4 Nc6 6. O-O e6 7. d3 Nge7 8. Qe1
O-O 9. Kh1 Na5 10. f5 Nxc4 11. dxc4 exf5 12. Bf4 fxe4 13. Nxe4 Nf5 14. Rd1 Nd4
15. Nxd4 cxd4 16. Nxd6 Be6 17. b3 Qb6 18. Ne4 Bf5 19. c5 Qa6 20. Rd2 Rfe8 21.
Re2 Bxe4 22. Rxe4 Rxe4 23. Qxe4 Qxf1# 0-1

[Event "World Blitz 2015"]
[Site "Berlin GER"]
[Date "2015.10.14"]
[Round "12.1"]
[White "Kramnik, Vladimir"]
[Black "Carlsen, Magnus"]
[Result "1/2-1/2"]
[WhiteTitle "GM"]
[BlackTitle "GM"]
[WhiteElo "2777"]
[BlackElo "2850"]
[WhiteFideId "4101588"]
[BlackFideId "1503014"]
[EventDate "2015.10.13"]

1. Nf3 d5 2. g3 g6 3. c4 c6 4. Qa4 Nd7 5. cxd5 cxd5 6. Bg2 Bg7 7. Nc3 Nf6 8. O-O
O-O 9. d4 b6 10. Bf4 Bb7 11. Rfc1 a6 12. Ne5 e6 13. Qb3 Rc8 14. e3 Qe7 15. Bg5
Qd6 16. Bxf6 Nxf6 17. Na4 Rxc1+ 18. Rxc1 b5 19. Nc5 Rc8 20. Rc3 Qb6 21. a4 Bf8
22. Ned3 Bc6 23. Bf1 Rb8 24. Ne5 bxa4 25. Qxb6 Rxb6 26. Nxe6 Be8 27. Nxf8 Rxb2
28. Nxh7 Kxh7 29. Bxa6 Rxf2 30. Kxf2 Ne4+ 31. Ke2 Nxc3+ 32. Kd3 Ne4 33. Bb7 Nf6
34. Kc3 Kg7 35. Kb4 Kf8 36. g4 g5 37. h3 Kg7 38. Bc6 Bxc6 39. Nxc6 Ne4 40. Ne7
Nf2 41. Nxd5 Nxh3 42. Nb6 Nf2 43. d5 Nxg4 44. d6 Kf6 45. Nxa4 Nxe3 46. Kc5 Nf5
47. d7 Ke7 48. Kc6 Kd8 49. Nc5 Nd4+ 50. Kd6 Nb5+ 51. Ke5 1/2-1/2

[Event "World Blitz 2015"]
[Site "Berlin GER"]
[Date "2015.10.14"]
[Round "12.3"]
[White "Karjakin, Sergey"]
[Black "Aronian, Levon"]
[Result "0-1"]
[WhiteTitle "GM"]
[BlackTitle "GM"]
[WhiteElo "2762"]
[BlackElo "2784"]
[WhiteFideId "14109603"]
[BlackFideId "13300474"]
[EventDate "2015.10.13"]

1. e4 e5 2. Nf3 Nc6 3. Nc3 Nf6 4. d4 exd4 5. Nxd4 Bb4 6. Nxc6 bxc6 7. Bd3 O-O 8.
O-O Re8 9. Qf3 Rb8 10. h3 Bd6 11. Rb1 Be5 12. Bf4 d6 13. Bxe5 Rxe5 14. b3 Nd7
15. Na4 Qg5 16. Qe2 Qf4 17. g3 Qh6 18. f4 Re7 19. h4 Nf6 20. Rbe1 Bh3 21. Rf2
Rbe8 22. Qf3 Bf5 23. Nc3 Qg6 24. Re3 Bg4 25. Qg2 Qh5 26. Na4 Nd5 27. Re1 f5 28.
Rff1 fxe4 29. Bc4 Kh8 30. Kh2 Bf3 31. Qh3 Nf6 32. Kg1 Qa5 33. Be2 Bxe2 34. Rxe2
h5 35. Rfe1 e3 36. Qg2 d5 37. Qf3 Ng4 38. c3 Qb5 39. Rd1 Re4 40. Nb2 0-1

[Event "World Blitz 2015"]
[Site "Berlin GER"]
[Date "2015.10.14"]
[Round "12.6"]
[White "Onischuk, Vladimir"]
[Black "Perunovic, Milos"]
[Result "1/2-1/2"]
[WhiteTitle "GM"]
[BlackTitle "GM"]
[WhiteElo "2612"]
[BlackElo "2622"]
[WhiteFideId "14114038"]
[BlackFideId "921629"]
[EventDate "2015.10.13"]

1. Nf3 d5 2. g3 Nc6 3. Bg2 e5 4. O-O Nf6 5. d3 h6 6. a3 a5 7. Nc3 Be7 8. e4 d4
9. Ne2 Be6 10. h3 Nd7 11. Ne1 Nc5 12. f4 f6 13. Nf3 Qd7 14. g4 g5 15. fxe5 fxe5
16. Ng3 a4 17. Bd2 O-O-O 18. Nf5 Bxf5 19. exf5 e4 20. dxe4 Nxe4 21. Re1 Nxd2 22.
Qxd2 Bd6 23. Qd3 Bf4 24. Qb5 h5 25. Qxa4 Kb8 26. Re6 hxg4 27. hxg4 d3 28. cxd3
Qxd3 29. Rae1 Nd4 30. Nxd4 Bh2+ 31. Kf2 Bg3+ 32. Kg1 Bh2+ 33. Kf2 Bg3+ 34. Kg1 1/2-1/2

[Event "World Blitz 2015"]
[Site "Berlin GER"]
[Date "2015.10.14"]
[Round "12.7"]
[White "Movsesian, Sergei"]
[Black "Leko, Peter"]
[Result "1/2-1/2"]
[WhiteTitle "GM"]
[BlackTitle "GM"]
[WhiteElo "2658"]
[BlackElo "2707"]
[WhiteFideId "310204"]
[BlackFideId "703303"]
[EventDate "2015.10.13"]

1. e4 e5 2. Nf3 Nc6 3. c3 d5 4. d3 Nf6 5. Nbd2 Be7 6. Be2 a5 7. O-O O-O 8. h3
Re8 9. Re1 h6 10. Qc2 Bf8 11. Bf1 a4 12. exd5 Qxd5 13. Ne4 Qd8 14. Ng3 b6 15.
Bd2 Bb7 16. Rad1 Qd5 17. Qb1 Rad8 18. Ne4 Qe6 19. a3 Na5 20. Qc2 Nxe4 21. dxe4
Qc6 22. Bc1 Rxd1 23. Qxd1 Nb3 24. Be3 Bc8 25. Qd3 Nc5 26. Qb5 Bd7 27. Qxc6 Bxc6
28. Nd2 Rd8 29. f3 Nd3 30. Rb1 f6 31. Be2 Bc5 32. Bxc5 Nxc5 33. Rd1 Kf8 34. Kf1
Ke7 35. Ke1 Be8 36. Nc4 Rxd1+ 37. Kxd1 Bf7 1/2-1/2

[Event "World Blitz 2015"]
[Site "Berlin GER"]
[Date "2015.10.14"]
[Round "12.8"]
[White "Kasimdzhanov, Rustam"]
[Black "Svidler, Peter"]
[Result "1/2-1/2"]
[WhiteTitle "GM"]
[BlackTitle "GM"]
[WhiteElo "2704"]
[BlackElo "2727"]
[WhiteFideId "14200244"]
[BlackFideId "4102142"]
[EventDate "2015.10.13"]

1. e4 c5 2. Nf3 e6 3. d4 cxd4 4. Nxd4 Nf6 5. Nc3 d6 6. Bc4 a6 7. O-O Be7 8. Bb3
O-O 9. f4 Nbd7 10. Kh1 Nc5 11. e5 dxe5 12. fxe5 Nfd7 13. Bf4 Qc7 14. Qe2 b5 15.
Bd5 Bb7 16. Bxb7 Qxb7 17. a3 Nb6 18. Qh5 Ne4 19. Rae1 Nxc3 20. bxc3 Nd5 21. Bd2
Bc5 22. Rf3 Bxd4 23. Rh3 h6 24. Bxh6 f6 25. cxd4 fxe5 26. Bg5 Rf2 27. Qh8+ Kf7
28. Qh5+ Kg8 29. Qh8+ 1/2-1/2

[Event "World Blitz 2015"]
[Site "Berlin GER"]
[Date "2015.10.14"]
[Round "12.9"]
[White "Vitiugov, Nikita"]
[Black "Tomashevsky, Evgeny"]
[Result "1/2-1/2"]
[WhiteTitle "GM"]
[BlackTitle "GM"]
[WhiteElo "2725"]
[BlackElo "2758"]
[WhiteFideId "4152956"]
[BlackFideId "4147235"]
[EventDate "2015.10.13"]

1. d4 d5 2. c4 c6 3. cxd5 cxd5 4. Nf3 Nc6 5. Nc3 Nf6 6. Bf4 Bf5 7. e3 e6 8. Bd3
Bxd3 9. Qxd3 Bd6 10. Bxd6 Qxd6 11. O-O O-O 12. Rfc1 Rfc8 13. a3 h6 14. Nb5 Qe7
15. Nc3 Qd6 16. Nb5 Qe7 17. Nc3 Qd6 1/2-1/2

[Event "World Blitz 2015"]
[Site "Berlin GER"]
[Date "2015.10.14"]
[Round "12.10"]
[White "Petrosian, Tigran L."]
[Black "Ghaem Maghami, Ehsan"]
[Result "0-1"]
[WhiteTitle "GM"]
[BlackTitle "GM"]
[WhiteElo "2625"]
[BlackElo "2596"]
[WhiteFideId "13301616"]
[BlackFideId "12500739"]
[EventDate "2015.10.13"]

1. Nf3 c5 2. g3 Nc6 3. c4 g6 4. Bg2 Bg7 5. Nc3 d6 6. O-O e6 7. d3 Nge7 8. Bd2 b6
9. a3 Bb7 10. Rb1 Qd7 11. b4 O-O 12. Qc1 Nf5 13. Re1 Rac8 14. bxc5 dxc5 15. Nb5
Rfd8 16. Bg5 f6 17. Bd2 e5 18. a4 a5 19. Bc3 Nb4 20. Nd2 Bxg2 21. Kxg2 Nd4 22.
Qd1 f5 23. Nxd4 exd4 24. Bxb4 axb4 25. Ra1 Ra8 26. Qc2 Re8 27. Nb3 Rxa4 28. Rxa4
Qxa4 29. Nxd4 Qxc2 30. Nxc2 Bc3 31. Rb1 Rxe2 32. Ne3 Bd4 33. Kf3 Rd2 34. g4 f4
35. Nd5 Rxf2+ 36. Ke4 g5 37. Kf5 f3 38. Ke4 Rb2 39. Rf1 f2 40. Kf3 Rd2 41. Ne7+
Kf7 42. Nf5 b3 43. Nd6+ Kg6 44. Ne4 Rc2 45. Kg2 b2 0-1

[Event "World Blitz 2015"]
[Site "Berlin GER"]
[Date "2015.10.14"]
[Round "12.11"]
[White "Vallejo Pons, Francisco"]
[Black "Edouard, Romain"]
[Result "1/2-1/2"]
[WhiteTitle "GM"]
[BlackTitle "GM"]
[WhiteElo "2684"]
[BlackElo "2636"]
[WhiteFideId "2205530"]
[BlackFideId "633429"]
[EventDate "2015.10.13"]

1. e4 c5 2. Nc3 d6 3. Nge2 g6 4. d4 cxd4 5. Nxd4 Nf6 6. g3 Bg7 7. Bg2 O-O 8. O-O
Nc6 9. Nxc6 bxc6 10. e5 dxe5 11. Qxd8 Rxd8 12. Bxc6 Rb8 13. Ba4 e4 14. Bb3 Bg4
15. Bf4 Rb7 16. Rfe1 Bf3 17. a4 e6 18. Be5 Rd2 19. Bf4 Rd8 20. Be5 Rd2 21. Bf4 1/2-1/2